Colección de las instituciones políticas y jurídicas de los pueblos modernos. (Record no. 184658)

MARC details
000 -LEADER
campo de control de longitud fija 00875nam a2200217 i 4500
001 - NÚMERO DE CONTROL
campo de control 184658
003 - IDENTIFICADOR DE NÚMERO DE CONTROL
campo de control ES-MaACL
005 - FECHA Y HORA DE LA ÚLTIMA TRANSACCIÓN
campo de control 20250809041016.0
007 - CAMPO FIJO DE DESCRIPCIÓN FÍSICA--INFORMACIÓN GENERAL
campo de control de longitud fija t|
008 - DATOS DE LONGITUD FIJA--INFORMACIÓN GENERAL
campo de control de longitud fija 151102m19021905sp ||||1| spa d
245 00 - MENCIÓN DEL TÍTULO
Título Colección de las instituciones políticas y jurídicas de los pueblos modernos.
Número de parte o sección de la obra Segunda serie,
Nombre de parte o sección de la obra Estados americanos /
Mención de responsabilidad, etc. dirigida por el Dr. D. Alejo García Moreno.
260 ## - PUBLICACIÓN, DISTRIBUCIÓN, ETC.
Lugar de publicación, distribución, etc. Madrid :
Nombre del editor, distribuidor, etc. Revista de Legislación Universal,
Fecha de publicación, distribución, etc. 1902-1905.
300 ## - DESCRIPCIÓN FÍSICA
Extensión 2 v. ;
Dimensiones 24 cm.
505 8# - NOTA DE CONTENIDO CON FORMATO
Nota de contenido con formato Contiene: t. 1. República de Honduras y Dominicana (VIII, 656, 69 p.) -- t. 2. República de Chile (787 p.)
650 #7 - PUNTO DE ACCESO ADICIONAL DE MATERIA--TÉRMINO DE MATERIA
Término de materia o nombre geográfico como elemento de entrada Derecho-
Subdivisión geográfica Honduras
Fuente del encabezamiento o término
9 (RLIN) 158061
650 #7 - PUNTO DE ACCESO ADICIONAL DE MATERIA--TÉRMINO DE MATERIA
Término de materia o nombre geográfico como elemento de entrada Derecho-
Subdivisión geográfica Chile
Fuente del encabezamiento o término
9 (RLIN) 158062
650 #7 - PUNTO DE ACCESO ADICIONAL DE MATERIA--TÉRMINO DE MATERIA
Término de materia o nombre geográfico como elemento de entrada Derecho-
Subdivisión geográfica República Dominicana
Fuente del encabezamiento o término
9 (RLIN) 158063
700 1# - ENTRADA AGREGADA--NOMBRE PERSONAL
Nombre de persona García Moreno, A.
9 (RLIN) 54997
852 ## - LOCALIZACIÓN
Ubicación ES-MaACL
Número de control de estantería F-3386-87
Holdings
Estatus retirado Estado de pérdida Estado de daño No para préstamo Biblioteca de origen Biblioteca actual Ubicación en estantería Fecha de adquisición Fuente de adquisición Total de préstamos Signatura topográfica completa Código de barras Visto por última vez Precio de reemplazo Tipo de ítem Koha
        Biblioteca del Ateneo de Madrid Biblioteca del Ateneo de Madrid Depósito 2 02/11/2015     F-3386-87 1194419 23/02/2023 23/02/2023 Libro impreso